Asturias (Record no. 39652)

MARC details
000 -LEADER
campo de control de longitud fija 00981nam a2200217 i 4500
001 - NÚMERO DE CONTROL
campo de control 39652
003 - IDENTIFICADOR DE NÚMERO DE CONTROL
campo de control ES-MaACL
005 - FECHA Y HORA DE LA ÚLTIMA TRANSACCIÓN
campo de control 20230906160044.0
007 - CAMPO FIJO DE DESCRIPCIÓN FÍSICA--INFORMACIÓN GENERAL
campo de control de longitud fija t|
008 - DATOS DE LONGITUD FIJA--INFORMACIÓN GENERAL
campo de control de longitud fija 030303s1900 sp ||||1| spa d
100 1# - ENTRADA PRINCIPAL--NOMBRE DE PERSONA
Nombre de persona Canals y Vilaró, Salvador.
9 (RLIN) 34421
245 10 - MENCIÓN DEL TÍTULO
Título Asturias
Resto del título : información sobre su presente estado moral y material /
Mención de responsabilidad, etc. Salvador Canals y Vilaró.
260 ## - PUBLICACIÓN, DISTRIBUCIÓN, ETC.
Lugar de publicación, distribución, etc. Madrid :
Nombre del editor, distribuidor, etc. [s.n.,
Fecha de publicación, distribución, etc. 1900] (
Fabricante M. Romero)
300 ## - DESCRIPCIÓN FÍSICA
Extensión XXXII, 187 p. ;
Dimensiones 21 cm.
530 ## - NOTA DISPONIBLE DE FORMULARIO FÍSICO ADICIONAL
Nota de formato físico adicional disponible Disponible en formato digital.
594 ## - Nota al título y mención de responsabilidad
Nota al título y mención de responsabilidad Con una carta-prólogo de Alejandro Pidal, y otros originales de fray Ramón Martínez Vigil,, de Armando Palacio Valdés, de Vital Aza, de Leandro Cubillo y de Adolfo Posada.
651 #4 - PUNTO DE ACCESO ADICIONAL DE MATERIA--NOMBRE GEOGRÁFICO
Nombre geográfico Asturias (Comunidad Autónoma)-
Subdivisión general Situación económica.
9 (RLIN) 171123
651 #4 - PUNTO DE ACCESO ADICIONAL DE MATERIA--NOMBRE GEOGRÁFICO
Nombre geográfico Asturias (Comunidad Autónoma)-
Subdivisión general Situación social.
9 (RLIN) 171124
852 ## - LOCALIZACIÓN
Ubicación ES-MaACL
Número de control de estantería G-276
856 ## - LOCALIZACIÓN Y ACCESO ELECTRÓNICOS
Identificador Uniforme de Recursos <a href="http://bdh-rd.bne.es/viewer.vm?id=0000060294&page=1 ">http://bdh-rd.bne.es/viewer.vm?id=0000060294&page=1 </a>
Nota pública Biblioteca Digital Hispánica
Holdings
Estatus retirado Estado de pérdida Estado de daño No para préstamo Colección Biblioteca de origen Biblioteca actual Ubicación en estantería Fecha de adquisición Fuente de adquisición Total de préstamos Signatura topográfica completa Código de barras Visto por última vez Precio de reemplazo Tipo de ítem Koha
        Colección digital Biblioteca del Ateneo de Madrid Biblioteca del Ateneo de Madrid Depósito 2 17/01/2008     G-276 1041760 23/02/2023 23/02/2023 Libro impreso antiguo